00493nam a2200193Ia 4500003000400000005001700004008004100021020002200062040000700084041000800091082002200099100001700121245004400138260003500182300001700217365001400234650001400248650003700262OSt20230517123132.0210423s2014 xx 000 0 und d a978-93-5084-311-6 cAL aeng a541.36223b KUMI aKUMAR (Uday) aIntroduction to chemical thermodynamics aNew DelhibCentrum Pressc2014 aviii,294bHB b3000cINR aChemistry aPhysical & Theoretical Chemistry